IDEAS TRADITIONAL (Record no. 13533)
[ view plain ]
| 000 -LEADER | |
|---|---|
| fixed length control field | 00251nam a22001217a 4500 |
| 003 - CONTROL NUMBER IDENTIFIER | |
| control field | SGT |
| 082 ## - DEWEY DECIMAL CLASSIFICATION NUMBER | |
| Classification number | 746.92 |
| Item number | PRA |
| 100 ## - MAIN ENTRY--PERSONAL NAME | |
| Personal name | PRAKASH, K |
| 245 ## - TITLE STATEMENT | |
| Title | IDEAS TRADITIONAL |
| 260 ## - PUBLICATION, DISTRIBUTION, ETC. (IMPRINT) | |
| Name of publisher, distributor, etc | PUB. & DISTRIBUTE. INDIA |
| Year of Publication | 2003 |
| 300 ## - PAGE DESCRIPTION | |
| No. of Pages | 98 |
| 942 ## - ADDED ENTRY ELEMENTS (KOHA) | |
| Source of classification or shelving scheme | Dewey Decimal Classification |
| Koha item type | Books |
| Withdrawn status | Lost status | Source of classification or shelving scheme | Damaged status | Not for loan | Home library | Current library | Shelving location | Date acquired | Vendor Name | SGTU | Total Checkouts | Full call number | Accession No. (Barcode) | Date last seen | Bill Date | Koha item type | Date last borrowed |
|---|---|---|---|---|---|---|---|---|---|---|---|---|---|---|---|---|---|
| Dewey Decimal Classification | SGT Science & Social Sciences Library | SGT Science & Social Sciences Library | Text Book | 20/09/2017 | SUMSAC INT. DELHI | SGTU | 746.92 PRA | FF509 | 20/09/2017 | 20/09/2017 | Books | ||||||
| Dewey Decimal Classification | SGT Science & Social Sciences Library | SGT Science & Social Sciences Library | Text Book | 20/09/2017 | SUMSAC INT. DELHI | SGTU | 3 | 746.92 PRA | FF510 | 06/04/2021 | 20/09/2017 | Books | 06/03/2021 |